[Event "New York-Singapore Online"]
[Site "chess24.com INT"]
[Date "2020.05.31"]
[Round "2.29"]
[White "Durbha, Antara"]
[Black "Kwok, Teng Yan Megan"]
[Result "1/2-1/2"]
[WhiteElo "1335"]
[BlackElo "1253"]
[PlyCount "97"]
[EventDate "2020.05.31"]
[EventType "team-match (rapid)"]
[EventRounds "2"]
[EventCountry "USA"]
[SourceTitle "CBM 196 Extra"]
[Source "ChessBase"]
[SourceDate "2020.07.31"]
[SourceVersion "1"]
[SourceVersionDate "2020.07.31"]
[SourceQuality "1"]
[WhiteTeam "New York"]
[BlackTeam "Singapore"]
[WhiteTeamCountry "USA"]
[BlackTeamCountry "SIN"]

1. e4 e5 2. Nf3 Nc6 3. Bc4 Bc5 4. d3 Nf6 5. 0-0 0-0 6. Bg5 h6 7. Bh4 d6 8. c3 Na5 9. Bb5 a6 10. Ba4 b5 11. Bc2 Ba7 12. Nbd2 c5 13. Re1 Nc6 14. Nf1 Be6 15. Ne3 g5 16. Bg3 Ne7 17. d4 cxd4 18. cxd4 Rc8 19. dxe5 dxe5 20. Bxe5 Qxd1 21. Raxd1 Bxe3 22. Bxf6 Bxf2+ 23. Kxf2 Rxc2+ 24. Kg1 Ng6 25. a3 Nf4 26. Rd2 Rfc8 27. Bc3 Rxd2 28. Nxd2 Rd8 29. Nf3 Bc4 30. Nd4 Rxd4 31. Bxd4 Ne2+ 32. Rxe2 Bxe2 33. Kf2 Bc4 34. g3 Kh7 35. Kf3 Kg6 36. Ke3 f6 37. Kd2 Kf7 38. Kc3 a5 39. a4 Bf1 40. axb5 Bxb5 41. Bb6 a4 42. Kb4 Bd7 43. Bd4 Bc6 44. Bc3 Ke6 45. Bd4 Bd7 46. Kc3 Bc6 47. Kb4 Bd7 48. Kc3 Bc6 49. Kb4 1/2-1/2